| 000 | 00000nam##2200000za#4500 |
| 001 | 9.695865 |
| 003 | CaOODSP |
| 005 | 20210624234754 |
| 007 | cr ||||||||||| |
| 008 | 150407|2000||||xxc|||||o f|0| 0 eng|d |
| 040 | |aCaOODSP|beng |
| 043 | |an-cn--- |
| 086 | 1 |aH39-560/2000E-PDF |
| 110 | 1 |aCanada. |bHealth Canada. |bFirst Nations and Inuit Health Branch. |
| 245 | 10|aFinal report, Health Transition Fund Project NA108 : |h[electronic resource]|bFirst Nations and Inuit home care / |cprepared by Joan Wentworth, with the assistance of Adrian Gibbons. |
| 246 | 1 |iVariant title : |aHealth Transition Fund Project NA108 : First Nations and Inuit home care : final report |
| 260 | |aOttawa - Ontario : |bHealth Canada. |cc2000. |
| 300 | |a77p.|bmap, organization charts, tables, photographs |
| 500 | |aThe catalogue number (H39-560/2000E) and ISBN (0-662-29643-5) for the print edition have been incorrectly copied in this electronic publication. |
| 520 | 3 |a"Health Canada and First Nations and Inuit identified home and community care as a major health service gap and, in 1998, partnered on a proposal to the Health Transition Fund for a home care pilot project. Five pilot sites encompassing eight First Nations communities of geographical and cultural diversity participated."--Preface, p. 1 of 77. |
| 590 | |a12-08-Supp|b2012-03-16 |
| 690 | 07|aFunding|2gcpds |
| 690 | 07|aCommunity services|2gcpds |
| 690 | 07|aIndigenous peoples|2gcpds |
| 690 | 07|aHealth care|2gcpds |
| 720 | 1 |aWentworth, Joan |
| 720 | 1 |aGibbons, Adrian |
| 775 | 08|tRapport final, Fonds pour l'adaptation des services de santé, projet NA108 : |w(CaOODSP)9.639985 |
| 776 | 0#|tHealth Transition Fund Project NA108: First Nations and Inuit Home Care: final report |w(CaOODSP)9.647951 |
| 856 | 40|ahttp://publications.gc.ca|qPDF|s1.76 MB|uhttps://publications.gc.ca/collections/Collection/H39-560-2000E.pdf |